000 00223nam a22001097a 4500
082 _a669 VAS'M
100 _aVASILYEV, M
_980503
245 _aMETALS AND MAN
260 _aMOSCOW
_bMIR
_c1967
300 _a284P
942 _cBK
999 _c585428
_d585428